Welcome to the Holygrace Academy Library

Please use search bar below to get started

PERFECT PONIE (Record no. 2147)

MARC details
000 -LEADER
fixed length control field 00391nam a22001577a 4500
020 ## - INTERNATIONAL STANDARD BOOK NUMBER
ISBN 978-0-55382-077-5
082 ## - DEWEY DECIMAL CLASSIFICATION NUMBER
Classification number 823
Item number PRI/P
100 ## - MAIN ENTRY--AUTHOR NAME
Personal name PRICE'S KARTIE
245 ## - TITLE STATEMENT
Title PERFECT PONIE
Remainder of title PONY CLUB WEEKEND
246 ## - VARYING FORM OF TITLE
Title proper/short title PERFECT PONIE
Remainder of title PONY CLUB WEEKEND
260 ## - PUBLICATION, DISTRIBUTION, ETC. (IMPRINT)
Place of publication LONDON
Name of publisher MIXED SOURCES
Year of publication 2007
300 ## - PHYSICAL DESCRIPTION
Number of Pages 118
520 ## - SUMMARY, ETC.
Summary, etc SHORT STORY
650 ## - SUBJECT ADDED ENTRY--TOPICAL TERM
Topical Term SHORT STORY- ANIMALS
942 ## - ADDED ENTRY ELEMENTS (KOHA)
Koha item type Books
Holdings
Withdrawn status Lost status Collection code Home library Current library Shelving location Date acquired Source of acquisition Full call number Accession Number Koha item type
    Fiction Main Library Main Library SHELF 4-B ANIMAL ARK 26/03/2014 Purchase 823 PRI/P 08214 Books